| 000 | 01297cam a22003014a 4500 | ||
|---|---|---|---|
| 001 | 15607844 | ||
| 005 | 20240223133748.0 | ||
| 010 | _a 2009004690 | ||
| 020 | _a9781445105925 | ||
| 020 | _a9781583418178 (hardcover : alk. paper) | ||
| 040 |
_aDLC _cDLC _dDLC |
||
| 043 |
_aa-np--- _aa-cc--- |
||
| 050 | 0 |
_aDS495.8.E9 _bB63 2010 |
|
| 082 | 0 | _a555 | |
| 100 | 1 | _aBodden, Valerie. | |
| 240 | 0 | 0 |
_aMount Everest _sGreat Planet Earth series |
| 245 | 0 | 0 |
_aGreat Planet Earth : Mount Everest _c[by Valerie Bodden]. |
| 260 |
_aLondon _bFranklin Watts _c2011 |
||
| 300 |
_a24 p. _bill. (chiefly col.), col. map _c27 cm |
||
| 490 | 0 | _aGreat Planet Earth/ Big outdoors | |
| 500 | _aIncludes bibliographical references (p. 24) and index. | ||
| 520 | _a"A fundamental introduction to Mount Everest, including the snowy forests that surround it, the creatures that live near it, and how people have affected its high-altitude environment"--Provided by publisher. | ||
| 651 | 0 |
_aEverest, Mount (China and Nepal) _vJuvenile literature. |
|
| 653 | _aGeological landscape in Asia, tallest mountain in the world. | ||
| 906 |
_a7 _bcbc _corignew _d1 _eecip _f20 _gy-gencatlg |
||
| 942 |
_2ddc _cNF _01 |
||
| 999 |
_c7682 _d7682 |
||